| 000 | 00353nam a2200133Ia 4500 | ||
|---|---|---|---|
| 005 | 20251222143140.0 | ||
| 008 | 251222s9999||||xx |||||||||||||| ||spa|| | ||
| 020 | _a978-987-538-344-9 | ||
| 082 | _a808.027/M28 | ||
| 100 | _aMatteucci, Norma | ||
| 245 | 0 | _aEstrategias para Comprender y Producir Ensayos: | |
| 264 | _bNovedades Educativas | ||
| 942 | _cLIB | ||
| 999 |
_c12281 _d12281 |
||